| 000 | 02445cam a2200349 a 4500 | ||
|---|---|---|---|
| 003 | EG-GiCUC | ||
| 005 | 20250223032316.0 | ||
| 008 | 190615s2018 ua dh f m 000 0 eng d | ||
| 040 |
_aEG-GiCUC _beng _cEG-GiCUC |
||
| 041 | 0 | _aeng | |
| 049 | _aDeposite | ||
| 097 | _aPh.D | ||
| 099 | _aCai01.24.03.Ph.D.2018.Eh.K | ||
| 100 | 0 | _aEhab Nabil Salama | |
| 245 | 1 | 0 |
_aKnockout of gene expression in induced endometriotic cells / _cEhab Nabil Salama ; Supervised Mohamed Amr Hussein Elnoury , Sherif Mohamed Khatab , Osama Mahmoud Azmy |
| 246 | 1 | 5 | _aايقاف التعبير الجينى فى الخلايا المحفزه الى خلايا مشابهة لخلايا البطانه الرحمية |
| 260 |
_aCairo : _bEhab Nabil Salama , _c2018 |
||
| 300 |
_a164 P. : _bcharts , facsimiles ; _c25cm |
||
| 502 | _aThesis (Ph.D.) - Cairo University - National Institute of Laser Enhanced Sciences - Department of Laser Applications in Medical and Biological | ||
| 520 | _aEndometriosis is a common gynecological disorder defined as the presence of chronic ectopic functioning endometrial tissues, outside uterine cavity, primarily on the pelvic peritoneum and the ovaries. Several studies showed a correlation between aberrant stem-cell activity in the endometrium and endometriosis. Yet the molecular and cellular behaviors of mesenchymal stem cells in development of endometriosis are hampered by lack of in-vitro experiments. Our aim was to study the morphological and molecular changes associated with mesenchymal stem cells (MSCs) upon exposure to serum derived from women with severe endometriosis. Two cell cultures of MSCs isolated from endometrial tissues of two endometriosis-free women. Each cell culture was treated individually with two concentrations of the serum of women with endometriosis (experimental group/n = 20), and serum of women without endometriosis (control group/ n =10) for 14 days. Quantitative Real-Time PCR was done later to detect expression of OCT4, CDH1 and CDH2, STAT3 and SOX2 genes | ||
| 530 | _aIssued also as CD | ||
| 653 | 4 | _aEndometriosis | |
| 653 | 4 | _aMesenchymal stem cells | |
| 653 | 4 | _aOCT-4 | |
| 700 | 0 |
_aMohamed Amr Hussein Elnoury , _eSupervisor |
|
| 700 | 0 |
_aOsama Mahmoud Azmy , _eSupervisor |
|
| 700 | 0 |
_aSherif Mohamed Khatab , _eSupervisor |
|
| 856 | _uhttp://172.23.153.220/th.pdf | ||
| 905 |
_aNazla _eRevisor |
||
| 905 |
_aShimaa _eCataloger |
||
| 942 |
_2ddc _cTH |
||
| 999 |
_c72457 _d72457 |
||